000 00326 a2200109 4500
001 ART_7799
005 20260410161638.0
008 260409a
245 1 0 _aRecientes reformas fiscales en América Latina
100 1 _aEdelstein, Andrés M.
773 0 _tConsultor tributario
_g- Nº 11 (ene. 2008)
_wREV474
999 _c13047
_d13047